Premier League: 200+ Goal Contributions (2000-) - Statistics

General Stats
  • This quiz has been taken 34 times
  • The average score is 7 of 7
Answer Stats
Ranking Player Positions Nationality Matches Goals (assists) Periods Clubs % Correct
2 Mohamed Salah MF, FW 301 186 (87) 2013-2014, 2017-2025
100%
3 Harry Kane FW 320 213 (44) 2012-2023
97%
5 Sergio Agüero FW 275 184 (48) 2011-2021
97%
6 Thierry Henry FW 227 158 (66) 2000-2006, 2011-2012
97%
4 Frank Lampard MF 491 160 (94) 2000-2015
94%
7 Steven Gerrard MF 463 119 (89) 2000-2015
94%
1 Wayne Rooney MF, FW 491 208 (102) 2002-2018
90%
No matching quizzes found
Score Distribution
Percent of People with Each Score
Percentile by Number Answered
Your Score History
You have not taken this quiz